000 00630nam a22002417a 4500
003 UA-OsUOA
001 78298
007 ta
008 20111010b un ||||| |||| 00| 0 ukr d
100 _aКостенко Л.В.
090 _a821.161.2
_bК72
942 _cBK
040 _aUA-OsUOA
_bukr
_cUA-OsUOA
_dUA-OsUOA
245 _aБерестечко
_bіст. роман
300 _a232 с.
955 _a3
041 _aukr
080 _a821.161.2
020 _a978-966-06-0568-8
260 _aК.
_bЛибідь
_c2010
650 7 _a82 Література. Літературознавство
_2UDC
999 _c364609
_d364609